Music Quiz

Random Music or Rock Quiz

Great Rock Anthems Quiz Stats

 Plays Quiz not verified by Sporcle

Challenge
Share
Tweet
Embed
Score 0/35 Timer 06:00
0 Plays Today
none Answer % Correct
Anarchy in the UKSex Pistols
90.6%
Blitzkrieg BopRamones
85.9%
Ace of SpadesMotorhead
78.1%
White Riot Clash
73.4%
Kick Out the JamsMC5
59.4%
One Way or AnotherBlondie
50%
Holiday in CambodiaDead Kennedys
48.4%
Minor ThreatMinor Threat
31.3%
Search and DestroyIggy and the Stooges
29.7%
New RoseDamned
26.6%
Ca Plane Pour MoiPlastic Bertrand
25%
AutonomyBuzzcocks
21.9%
Blank GenerationRichard Hell and the Voidoids
18.8%
Jet BoyNew York Dolls
18.8%
Pay to CumBad Brains
18.8%
Los AngelesX
18.8%
Oh Bondage Up YoursX-Ray Spex
17.2%
Suspect DeviceStiff Little Fingers
15.6%
none Answer % Correct
GloriaPatti Smith
15.6%
Mommy's Little MonsterSocial Distortion
14.1%
Homicide999
12.5%
Angels With Dirty FacesSham 69
12.5%
Born to LoseJohnny Thunders and the Heartbreakers
10.9%
Sonic ReducerDead Boys
10.9%
Gary Gilmore's EyesAdverts
9.4%
CoronaMinutemen
7.8%
All Hell Breaks LooseThe Misfits
6.3%
We Are the LeagueAnti-Nowhere League
4.7%
ManimalGerms
4.7%
Coup d'EtatCircle Jerks
4.7%
Fight BackDischarge
3.1%
Sex and ViolenceExploited
1.6%
SlashTuff Darts
1.6%
OrphansTeenage Jesus and the Jerks
0%
City SlangSonic's Rendezvous Band
0%

You're not logged in!

Compare scores with friends on all Sporcle quizzes.
Join for Free
OR
Log In

You Might Also Like...

Show Comments

Extras

Created Sep 11, 2013ReportNominate
Tags:Rock Quiz, anthem

Top Quizzes Today


Score Distribution

Your Account Isn't Verified!

In order to create a playlist on Sporcle, you need to verify the email address you used during registration. Go to your Sporcle Settings to finish the process.

Report this User

Report this user for behavior that violates our Community Guidelines.

Details: